书目信息 |
| 题名: |
拉纳先验哲学研究
|
|
| 作者: | 车桂 著 | |
| 分册: | ||
| 出版信息: | 北京 人民出版社 2013 |
|
| 页数: | 19,505页 | |
| 开本: | 21cm | |
| 丛书名: | 经院哲学与宗教文化研究丛书 | |
| 单 册: | ||
| 中图分类: | B516.59 , B081.2 | |
| 科图分类: | ||
| 主题词: | 先验论--研究--德国 | |
| 电子资源: | ||
| ISBN: | 978-7-01-012989-1 | |
| 000 | 01125oam2 2200289 450 | |
| 001 | 523 | |
| 005 | 20140904161113.10 | |
| 010 | @a978-7-01-012989-1@dCNY56.00 | |
| 100 | @a20140318d2013 em y0chiy50 ea | |
| 101 | 0 | @achi |
| 102 | @aCN@b110000 | |
| 105 | @ay z 000yy | |
| 106 | @ar | |
| 200 | 1 | @a拉纳先验哲学研究@ALa Na Xian Yan Zhe Xue Yan Jiu@dA study on Karl Rahner's transcendental philosophy@f车桂著@FChe Gui Zhu@zeng |
| 210 | @a北京@c人民出版社@d2013 | |
| 215 | @a19,505页@d21cm | |
| 225 | 2 | @a经院哲学与宗教文化研究丛书 |
| 330 | @a本书内容包括:拉纳先验知识论的形而上学鹄的、上帝知识的源泉和意义、先验形而上学的哲学鹄的、普世而先验的上帝观念、先验形而上学的自由学说、作为超验性和历史性的此在、范畴启示的逻各斯——言辞形式、先验形而上学的知识论原理。 | |
| 461 | 0 | @12001 @a经院哲学与宗教文化研究丛书 |
| 510 | 1 | @aStudy on Karl Rahner's transcendental philosophy@zeng |
| 606 | 0 | @a先验论@x研究@y德国 |
| 610 | 0 | @a拉纳(Rahner, Karl; 1904-1984) |
| 690 | @aB516.59@v5 | |
| 690 | @aB081.2@v5 | |
| 701 | 0 | @a车桂@AChe Gui@4著 |
| 801 | 0 | @aCN@bTANGWEI@c20140603 |
| 905 | @b0842285-87@dB516.59@e145@f3 | |
| 拉纳先验哲学研究=A study on Karl Rahner's transcendental philosophy/车桂著.-北京:人民出版社,2013 |
| 19,505页;21cm.-(经院哲学与宗教文化研究丛书) |
| ISBN 978-7-01-012989-1:CNY56.00 |
| 本书内容包括:拉纳先验知识论的形而上学鹄的、上帝知识的源泉和意义、先验形而上学的哲学鹄的、普世而先验的上帝观念、先验形而上学的自由学说、作为超验性和历史性的此在、范畴启示的逻各斯——言辞形式、先验形而上学的知识论原理。 |
| ● |
| 相关链接 |
|
|
|
|
正题名:拉纳先验哲学研究
索取号:B516.59/145
 
预约/预借
| 序号 | 登录号 | 条形码 | 馆藏地/架位号 | 状态 | 备注 |
| 1 | 0842285 | 208422857 | 第一样本阅览室/ [索取号:B516.59/145] | 在馆 | |
| 2 | 0842286 | 208422866 | 第一借阅区/ [索取号:B516.59/145] | 在馆 | |
| 3 | 0842287 | 208422875 | 密集书库-史法系/ [索取号:B516.59/145] | 在馆 |